<?xml version="1.0" encoding="UTF-8"?>
<record
    xmlns:xsi="http://www.w3.org/2001/XMLSchema-instance"
    xsi:schemaLocation="http://www.loc.gov/MARC21/slim http://www.loc.gov/standards/marcxml/schema/MARC21slim.xsd"
    xmlns="http://www.loc.gov/MARC21/slim">

  <leader>00851nam a22002537a 4500</leader>
  <controlfield tag="003">OSt</controlfield>
  <controlfield tag="005">20250306152555.0</controlfield>
  <controlfield tag="008">250306b        |||||||| |||| 00| 0 sp  d</controlfield>
  <datafield tag="020" ind1=" " ind2=" ">
    <subfield code="a">9584100726</subfield>
  </datafield>
  <datafield tag="040" ind1=" " ind2=" ">
    <subfield code="a">cunsuroc</subfield>
    <subfield code="b">esp</subfield>
    <subfield code="c">anacap</subfield>
  </datafield>
  <datafield tag="082" ind1=" " ind2=" ">
    <subfield code="2">3a. ed.</subfield>
    <subfield code="a">311 W377:3</subfield>
    <subfield code="b">1</subfield>
  </datafield>
  <datafield tag="100" ind1=" " ind2=" ">
    <subfield code="a">Webster, Allen L.</subfield>
    <subfield code="9">11509</subfield>
  </datafield>
  <datafield tag="245" ind1=" " ind2=" ">
    <subfield code="a">Estad&#xED;stica aplicada a los negocios y a la econom&#xED;a.</subfield>
    <subfield code="c">Webster, Allen L.</subfield>
    <subfield code="h">F&#xED;sico</subfield>
  </datafield>
  <datafield tag="250" ind1=" " ind2=" ">
    <subfield code="a">3a. ed.</subfield>
  </datafield>
  <datafield tag="260" ind1=" " ind2=" ">
    <subfield code="a">Colombia:</subfield>
    <subfield code="b">McGraw-Hill,</subfield>
    <subfield code="c">2000.</subfield>
  </datafield>
  <datafield tag="300" ind1=" " ind2=" ">
    <subfield code="a">XIII, 640p. ;</subfield>
    <subfield code="c">27cm.</subfield>
  </datafield>
  <datafield tag="365" ind1=" " ind2=" ">
    <subfield code="b">1</subfield>
    <subfield code="d">194.46</subfield>
    <subfield code="j">co</subfield>
  </datafield>
  <datafield tag="650" ind1=" " ind2=" ">
    <subfield code="2">Estad&#xED;stica negocios-econom&#xED;a</subfield>
  </datafield>
  <datafield tag="650" ind1=" " ind2=" ">
    <subfield code="2">Descripci&#xF3;n conjuntos de datos</subfield>
  </datafield>
  <datafield tag="650" ind1=" " ind2=" ">
    <subfield code="2">Intervalos, hip&#xF3;tesis, poblaci&#xF3;n</subfield>
  </datafield>
  <datafield tag="650" ind1=" " ind2=" ">
    <subfield code="2">T&#xE9;cnicas control de calidad</subfield>
  </datafield>
  <datafield tag="700" ind1=" " ind2=" ">
    <subfield code="a">Garc&#xED;a, Yelka Mar&#xED;a, trad</subfield>
    <subfield code="9">11510</subfield>
  </datafield>
  <datafield tag="942" ind1=" " ind2=" ">
    <subfield code="2">ddc</subfield>
    <subfield code="c">BK</subfield>
    <subfield code="e">3a. ed.</subfield>
    <subfield code="h">311 W377:3</subfield>
    <subfield code="n">0</subfield>
  </datafield>
  <datafield tag="999" ind1=" " ind2=" ">
    <subfield code="c">4570</subfield>
    <subfield code="d">4570</subfield>
  </datafield>
  <datafield tag="952" ind1=" " ind2=" ">
    <subfield code="0">0</subfield>
    <subfield code="1">0</subfield>
    <subfield code="2">ddc</subfield>
    <subfield code="4">0</subfield>
    <subfield code="7">0</subfield>
    <subfield code="8">NFIC</subfield>
    <subfield code="a">CUM</subfield>
    <subfield code="b">CUM</subfield>
    <subfield code="c">GEN</subfield>
    <subfield code="d">2025-03-06</subfield>
    <subfield code="e">comprado</subfield>
    <subfield code="f">Estanter&#xED;a</subfield>
    <subfield code="g">194.46</subfield>
    <subfield code="i">56H6103-2003/5341</subfield>
    <subfield code="l">0</subfield>
    <subfield code="o">311 W377:3 1</subfield>
    <subfield code="p">56HB05341</subfield>
    <subfield code="r">2025-03-06 15:27:52</subfield>
    <subfield code="t">c. 1</subfield>
    <subfield code="w">2025-03-06</subfield>
    <subfield code="y">BK</subfield>
  </datafield>
</record>
